Score 0/19 Timer 03:00
0 Plays Today
Clue Word % Correct
Organ that cirrhosis affectsLIVER
91.1%
ExistedLIVED
89.6%
Put into heapsPILED
76.9%
Marked field of play boundariesLINED
73.5%
Fretted over a lost lovePINED
69.7%
Jolly pirate flagROGER
66.7%
The Zambesi is oneRIVER
62.9%
LubricatedOILED
62.9%
Turn away (one's eyes)AVERT
60.2%
Wild partyRAGER
55.4%
Clue Word % Correct
1980s female tennis champion ChrisEVERT
53.9%
One who babbles loudlyRAVER
50%
Leered atOGLED
48.9%
Does the above, againOGLES
40%
Says with convictionAVERS
37.1%
Seniors - Golden _____AGERS
32.3%
S-shaped moldingsOGEES
25.4%
James of 'A Death in the Family' and the '69 Mets' TommieAGEES
25.1%
Germany's Weimar Republic leader Friedrich****
11.6%

Today's Daily Dose

Remove Ads.
Support Sporcle.
Get the best of Sporcle when you Go Orange. This ad-free experience offers more features, more stats, and more fun while also helping to support Sporcle. Thank you for becoming a member.

You're not logged in!

Compare scores with friends on all Sporcle quizzes.
OR
Log In

Show Comments

Extras

Top Quizzes Today


Score Distribution

Your Account Isn't Verified!

In order to create a playlist on Sporcle, you need to verify the email address you used during registration. Go to your Sporcle Settings to finish the process.

Report this User

Report this user for behavior that violates our Community Guidelines.

Details: